000 00694nam a2200241 a 4500
001 13966
003 BD-RjUL
005 20211208235539.0
008 140203s1972 nyuuu b 0 1 a0eng c
035 _a(BD-RjUL)14018
040 _aPPiU
_cPPiU
_dBD-RjUL
_beng
041 _aeng
082 0 0 _a571.74
_223
_bBIO 1972
245 0 0 _aBiochemical actions of hormones /
_cEdited by Gerald Litwack.
260 3 _aNew York :
_bAcademic Press,
_cc1972.
300 _aV. :
_bill. ;
_c24 cm.
504 _aIncludes bibliographies and index.
505 0 _aVol. 2 -- V.-1--
650 _aBiochemistry of control
_9204953
700 1 _aLitwack, Gerald.
_943657
942 _2ddc
_cBK
999 _c13966
_d13966